00507pab a2200157 454500008004000000100002100040245006600061260000900127300001500136362001100151650002100162773003400183909001000217999001700227952010500244180718b2006 xxu||||| |||| 00| 0 eng d aRamanna, Mridula aSystem of medicine: issues and responses in Bombay Presidency c2006 ap.3221-226 a22 Jul aMedical sciences aEconomic and Political Weekly a70656 c70656d70656 00104070aIIPAbIIPAd2018-07-19hVolume no: 41, Issue no: 29pAR71116r2018-07-19w2018-07-19yAR